| 000 | 00530nam a2200145Ia 4500 | ||
|---|---|---|---|
| 008 | 150609s9999 xx 000 0 und d | ||
| 050 |
_aT 1 _b.T161 2015 |
||
| 100 | _aTan, Schenine Janielle L. | ||
| 245 |
_aPayroll management system for marcbilt construction incorporated/ _cSchenine Janielle L. Tan. |
||
| 260 |
_aLas PiƱas, Philippines : _bSISC, _c2015. |
||
| 300 |
_a61 pages : _billustrations ; _c28 cm. |
||
| 500 | _aIncludes bibliographical references and appendices. | ||
| 650 | _aManagement System | ||
| 650 | _xFinance | ||
| 999 |
_c285038 _d285038 |
||